000 00292nam a22001337a 4500
008 171005b xxu||||| |||| 00| 0 eng d
020 _a9780465016846
041 _aeng
080 _a159.9
100 _a49
101 _aPSI
245 _aDOING PSYCHOTHERAPY
_cBASCH.M.F
942 _2udc
_cBK
999 _c32142
_d32142